000 00641nam a2200277Ia 4500
005 20260324135045.0
008 008 260324s9999 xx 000 0 eng d
020 _a9780429499418
037 _aEBOOK
040 _aCRL
040 _beng
040 _cCRL
041 _2eng
041 _aeng
084 _qCRL
100 _aRex Koontz
_91199173
245 0 _aLandscape And Power In Ancient Mesoamerica
260 _bTaylor and Francis
260 _c2001
365 _a
365 _b230
856 _uhttp://www.taylorfrancis.com/books/9780429499418
942 _cEBOOK
999 _c1799870
_d1799870